[Event "22nd European Teams Women"]
[Site "Batumi GEO"]
[Date "2019.11.02"]
[Round "9.12"]
[Board "4"]
[White "Longson, Sarah N"]
[Black "Cibickova, Zuzana"]
[Result "0-1"]
[WhiteTitle "WFM"]
[BlackTitle "WGM"]
[WhiteElo "2073"]
[BlackElo "2258"]
[WhiteTeam "England"]
[BlackTeam "Slovakia"]
[WhiteFideId "2501465"]
[BlackFideId "14905779"]
[EventDate "2019.10.24"]

1. e4 e5 2. Nf3 Nc6 3. Bc4 Nf6 4. d3 Be7 5. O-O O-O 6. Re1 d6 7. a4 Na5 8. Ba2
c5 9. c3 Nc6 10. Na3 a6 11. Bd2 Rb8 12. Nc2 Be6 13. h3 Bxa2 14. Rxa2 d5 15. Ra1
d4 16. cxd4 cxd4 17. Rf1 Nd7 18. Nh2 Nc5 19. Ne1 Qb6 20. Rb1 Qb3 21. Qxb3 Nxb3
22. Nhf3 b5 23. axb5 Rxb5 24. Bc1 Rc5 25. Bd2 Rb8 26. g3 f6 27. Ng2 Rcb5 28.
Rfd1 a5 29. Be1 a4 30. Ngh4 g6 31. g4 Nd8 32. Kf1 Ne6 33. Ng2 Nbc5 34. Rd2 a3
35. b4 Rxb4 36. Rxb4 Rxb4 37. Ra2 Rb3 38. Nd2 Rxd3 39. f3 Na4 40. Ke2 Rc3 41. h4
Rc1 42. Nb3 Rb1 0-1

[Event "22nd European Teams Women"]
[Site "Batumi GEO"]
[Date "2019.11.02"]
[Round "9.13"]
[Board "1"]
[White "Hoolt, Sarah"]
[Black "Goossens, Hanne"]
[Result "1-0"]
[WhiteTitle "WGM"]
[BlackTitle "WIM"]
[WhiteElo "2323"]
[BlackElo "2156"]
[WhiteTeam "Germany"]
[BlackTeam "Belgium"]
[WhiteFideId "24606812"]
[BlackFideId "200468"]
[EventDate "2019.10.24"]

1. e4 c5 2. Nf3 e6 3. d4 cxd4 4. Nxd4 Nc6 5. Nc3 Qc7 6. Be3 a6 7. a3 Nf6 8. f4
d6 9. Qf3 h5 10. h3 b5 11. Bd3 Bb7 12. Nxc6 Qxc6 13. Bd4 Rc8 14. O-O Be7 15.
Rae1 h4 16. Qe2 Nh5 17. Qg4 e5 18. Be3 Bf6 19. Nd5 Kf8 20. fxe5 dxe5 21. b4 Qe6
22. Bc5+ Kg8 23. Rf5 Rh6 24. Rxh5 1-0

[Event "22nd European Teams Women"]
[Site "Batumi GEO"]
[Date "2019.11.02"]
[Round "9.13"]
[Board "2"]
[White "Barbier, Astrid"]
[Black "Sieber, Fiona"]
[Result "0-1"]
[BlackTitle "WIM"]
[WhiteElo "1974"]
[BlackElo "2252"]
[WhiteTeam "Belgium"]
[BlackTeam "Germany"]
[WhiteFideId "200395"]
[BlackFideId "12902373"]
[EventDate "2019.10.24"]

1. e4 c5 2. Nc3 Nc6 3. Bb5 Nd4 4. Bc4 e6 5. Nge2 Nf6 6. d3 a6 7. a4 d5 8. exd5
exd5 9. Ba2 Be7 10. Nf4 Bg4 11. f3 Be6 12. O-O O-O 13. Nce2 Qb6 14. Kh1 Rac8 15.
Ng3 Bd6 16. c3 Nc6 17. Nxe6 fxe6 18. f4 Rce8 19. Rb1 Qc7 20. Bd2 a5 21. Qf3 Kh8
22. Rbe1 Qd7 23. Bb1 e5 24. Qd1 exf4 25. Bxf4 Bxf4 26. Rxf4 d4 27. Ne4 Nxe4 28.
Rfxe4 Rxe4 29. Rxe4 Qf5 30. Re1 Ne5 31. h3 Ng6 32. Ba2 h6 33. cxd4 cxd4 34. Bc4
Qf2 35. Qe2 Nh4 36. Qxf2 Rxf2 37. b3 Nxg2 38. Re8+ Kh7 39. Bd5 Ne3 40. Bxb7 Kg6
41. Re5 Rf5 42. Be4 Kf6 43. Re8 Rc5 44. Kh2 h5 45. Kg3 g5 46. Rf8+ Ke7 47. Ra8
Rc2 48. Rxa5 Nf1+ 49. Kf3 Nh2+ 50. Kg3 h4# 0-1

[Event "22nd European Teams Women"]
[Site "Batumi GEO"]
[Date "2019.11.02"]
[Round "9.13"]
[Board "3"]
[White "Klek, Hanna Marie"]
[Black "Mabille, Natacha"]
[Result "1-0"]
[WhiteTitle "WGM"]
[WhiteElo "2248"]
[BlackElo "1939"]
[WhiteTeam "Germany"]
[BlackTeam "Belgium"]
[WhiteFideId "24670057"]
[BlackFideId "218677"]
[EventDate "2019.10.24"]

1. e4 e5 2. Nf3 Nc6 3. Bc4 Bc5 4. c3 Nf6 5. d3 d6 6. Bb3 O-O 7. h3 a6 8. Nbd2
Ba7 9. Nf1 Nh5 10. Bg5 Qe8 11. Nh4 Nf4 12. Qf3 Na5 13. Bxf4 Nxb3 14. axb3 exf4
15. O-O-O f5 16. Nxf5 Bxf5 17. exf5 Rxf5 18. d4 Ra5 19. Nd2 Qg6 20. Nc4 Ra1+ 21.
Kd2 Rxd1+ 22. Rxd1 Re8 23. Qxb7 Bb6 24. Qd5+ Kh8 25. Re1 Rxe1 26. Kxe1 h6 27.
Nd2 Qe8+ 28. Qe4 Qf8 29. Nf3 Qf7 30. c4 Ba5+ 31. Kf1 Bb4 32. Nh4 g5 33. Nf5 Qh5
34. f3 Qg6 35. Ne7 Qf6 36. Nd5 Qd8 1-0

[Event "22nd European Teams Women"]
[Site "Batumi GEO"]
[Date "2019.11.02"]
[Round "9.13"]
[Board "4"]
[White "Cuvelier, Annelies"]
[Black "Muetsch, Annmarie"]
[Result "1/2-1/2"]
[BlackTitle "WIM"]
[WhiteElo "1844"]
[BlackElo "2266"]
[WhiteTeam "Belgium"]
[BlackTeam "Germany"]
[WhiteFideId "213950"]
[BlackFideId "12971367"]
[EventDate "2019.10.24"]

1. e4 c5 2. Nf3 e6 3. d4 cxd4 4. Nxd4 Nc6 5. Nc3 Qc7 6. Be2 a6 7. O-O Nf6 8.
Nxc6 bxc6 9. f4 d5 10. Bf3 Bc5+ 11. Kh1 O-O 12. Qe1 Ba7 13. Qg3 Bb7 14. e5 Nd7
15. Ne2 Rae8 16. b3 f6 17. Bb2 f5 18. Rfd1 a5 19. Ba3 c5 20. c4 d4 21. Bxb7 Qxb7
22. Rd3 Kh8 23. h4 Nb8 24. Qf3 Qd7 25. Nc3 Qe7 26. Nb5 Qxh4+ 27. Kg1 Qe7 28.
Rxd4 Na6 29. Rd6 Nb4 30. Rad1 Bb8 31. Rd7 Qh4 32. g3 Qh3 33. R1d2 Qh6 34. Rh2
Qg6 35. Rhd2 Qh6 36. Rh2 Qg6 37. Rhd2 Qh6 1/2-1/2

[Event "22nd European Teams Women"]
[Site "Batumi GEO"]
[Date "2019.11.02"]
[Round "9.14"]
[Board "1"]
[White "Cramling, Pia"]
[Black "Georgescu, Lena"]
[Result "1/2-1/2"]
[WhiteTitle "GM"]
[BlackTitle "WFM"]
[WhiteElo "2462"]
[BlackElo "2271"]
[WhiteTeam "Sweden"]
[BlackTeam "Switzerland"]
[WhiteFideId "1700030"]
[BlackFideId "1331973"]
[EventDate "2019.10.24"]

1. d4 Nf6 2. c4 e6 3. g3 c5 4. Nf3 cxd4 5. Nxd4 d5 6. Bg2 e5 7. Nf3 d4 8. O-O
Nc6 9. e3 Be7 10. exd4 exd4 11. Re1 O-O 12. Nbd2 Be6 13. a3 a5 14. b3 Qb6 15.
Bb2 Rad8 16. Ng5 Bg4 17. Qb1 h6 18. h3 Bc8 19. Ngf3 Rfe8 20. Ne5 Bd6 21. Nd3 Bf5
22. Rxe8+ Rxe8 23. Qf1 Nd7 24. Bd5 Nf6 25. Bg2 Nd7 26. Bd5 Nf6 27. Bg2 1/2-1/2

[Event "22nd European Teams Women"]
[Site "Batumi GEO"]
[Date "2019.11.02"]
[Round "9.14"]
[Board "2"]
[White "De Seroux, Camille"]
[Black "Frisk, Ellinor"]
[Result "1-0"]
[WhiteTitle "WFM"]
[BlackTitle "WIM"]
[WhiteElo "2140"]
[BlackElo "2227"]
[WhiteTeam "Switzerland"]
[BlackTeam "Sweden"]
[WhiteFideId "1305620"]
[BlackFideId "1708481"]
[EventDate "2019.10.24"]

1. e4 c5 2. Nc3 g6 3. Nf3 Bg7 4. d4 cxd4 5. Nxd4 Nc6 6. Be3 Nf6 7. Bc4 O-O 8.
Bb3 d5 9. exd5 Na5 10. h3 Nxb3 11. Nxb3 b5 12. Nxb5 Nxd5 13. Bd4 e5 14. Bc5 Nf4
15. Bxf8 Qxf8 16. Qd6 Nxg2+ 17. Kf1 Nf4 18. Qxf8+ Bxf8 19. h4 Bb7 20. Rg1 Bf3
21. Nc3 Rd8 22. Re1 Bb4 23. a3 Bxc3 24. bxc3 f6 25. Rg3 Bc6 26. c4 Kg7 27. Na5
Ba4 28. Rc3 Kf7 29. Rb1 Ke6 30. Nb7 Rc8 31. c5 Bc6 32. Na5 Bg2+ 33. Ke1 Bd5 34.
c6 Ng2+ 35. Kf1 Nxh4 36. c7 Kd7 37. Rd1 Ke6 38. Rc5 Bg2+ 39. Kg1 Bh3 40. Rd8 Kf7
41. Rxc8 Bxc8 42. Rd5 Nf3+ 43. Kh1 h5 44. Rd8 Bf5 45. c8=Q Bxc8 46. Rxc8 Nd4 47.
c4 Ke6 48. c5 f5 49. c6 Nb5 50. a4 Nd6 51. Rg8 Kf7 52. Rd8 Ke7 53. c7 1-0

[Event "22nd European Teams Women"]
[Site "Batumi GEO"]
[Date "2019.11.02"]
[Round "9.14"]
[Board "3"]
[White "Cramling Bellon, Anna"]
[Black "Pellicoro, Nathalie"]
[Result "1-0"]
[WhiteTitle "WFM"]
[WhiteElo "2164"]
[BlackElo "1967"]
[WhiteTeam "Sweden"]
[BlackTeam "Switzerland"]
[WhiteFideId "32009232"]
[BlackFideId "1332350"]
[EventDate "2019.10.24"]

1. d4 Nf6 2. c4 g6 3. Nc3 Bg7 4. e4 d6 5. Bg5 Na6 6. f3 O-O 7. Qd2 e5 8. d5 Re8
9. O-O-O Bf8 10. g4 c6 11. h4 Nc5 12. Nge2 b5 13. dxc6 bxc4 14. Nd5 Nd3+ 15. Kb1
Bg7 16. c7 Qd7 17. Bxf6 Nf2 18. Bxg7 Kxg7 19. Ng3 Nxd1 20. Qxd1 c3 21. Qb3 Qc6
22. Bb5 c2+ 23. Kc1 1-0

[Event "22nd European Teams Women"]
[Site "Batumi GEO"]
[Date "2019.11.02"]
[Round "9.14"]
[Board "4"]
[White "Tamrazyan, Gohar"]
[Black "Bengtsson, Siv"]
[Result "1/2-1/2"]
[WhiteElo "1955"]
[BlackElo "2086"]
[WhiteTeam "Switzerland"]
[BlackTeam "Sweden"]
[WhiteFideId "1330799"]
[BlackFideId "1701673"]
[EventDate "2019.10.24"]

1. e4 e6 2. d4 d5 3. Nc3 Bb4 4. Ne2 dxe4 5. a3 Be7 6. Nxe4 Nf6 7. Qd3 O-O 8. Bf4
Nbd7 9. O-O-O b6 10. N2c3 Bb7 11. h4 Nxe4 12. Nxe4 Nf6 13. Nxf6+ Bxf6 14. Qg3
Rc8 15. Be5 Qe7 16. Be2 Rfd8 17. Bf3 Bxf3 18. Qxf3 Bxe5 19. dxe5 c5 20. Qe4 Qc7
21. Rxd8+ Rxd8 22. Rh3 Rd5 23. Rd3 Qd7 24. f4 h6 25. g3 h5 26. Kd2 Rxd3+ 27.
cxd3 g6 28. Kc3 Kg7 29. d4 Qa4 30. Qd3 Qc6 31. Qc4 Qf3+ 32. Qd3 cxd4+ 33. Kxd4
Qd5+ 34. Kc3 Qc5+ 35. Qc4 Qe3+ 36. Qd3 Qe1+ 37. Kc4 Qf2 38. b4 a6 39. a4 Qa2+
40. Qb3 b5+ 41. Kc3 Qf2 42. axb5 Qxg3+ 43. Kb2 Qf2+ 44. Qc2 Qxf4 45. bxa6 Qxb4+
46. Qb3 Qd4+ 47. Kb1 Qe4+ 48. Ka1 Qe1+ 49. Qb1 Qc3+ 50. Qb2 Qa5+ 51. Qa2 Qc3+
52. Qb2 1/2-1/2

[Event "22nd European Teams Women"]
[Site "Batumi GEO"]
[Date "2019.11.02"]
[Round "9.15"]
[Board "1"]
[White "Nazarova, Anastasia"]
[Black "Machlik, Monika"]
[Result "1-0"]
[WhiteTitle "WFM"]
[WhiteElo "2147"]
[BlackElo "2159"]
[WhiteTeam "Finland"]
[BlackTeam "Norway"]
[WhiteFideId "34101737"]
[BlackFideId "1513621"]
[EventDate "2019.10.24"]

1. e4 c6 2. d4 d5 3. Nc3 dxe4 4. Nxe4 Bf5 5. Ng3 Bg6 6. Nh3 e6 7. Nf4 Bd6 8.
Ngh5 Bxh5 9. Nxh5 g6 10. Nf4 Nf6 11. g3 Nbd7 12. Bg2 Qc7 13. O-O O-O 14. Nd3 e5
15. dxe5 Nxe5 16. Bg5 Nfd7 17. h4 h5 18. Qd2 Nxd3 19. Qxd3 Be5 20. Bh3 Nc5 21.
Qc4 b6 22. c3 Rfe8 23. Rfe1 Bg7 24. Bf4 Qb7 25. Bg2 Rxe1+ 26. Rxe1 Rc8 27. Bh3
Ra8 28. Bg5 Qa6 29. Qxa6 Nxa6 30. Bd7 Nc5 31. Bxc6 Rc8 32. Bd5 Rc7 33. Re2 Rd7
34. Bb3 a5 35. Bc2 b5 36. Re7 Rxe7 37. Bxe7 Bf8 38. Bxf8 Kxf8 39. b4 axb4 40.
cxb4 Nb7 41. a4 bxa4 42. Bxa4 Ke7 43. Kg2 Nd6 44. Kf3 Ke6 45. Kf4 f6 46. Bb3+
Ke7 47. Bd5 Kd7 48. Bb3 Ke7 49. Bc2 Kf7 50. Bd3 Nc8 51. b5 Nb6 52. Ke4 g5 53.
Kd4 gxh4 54. gxh4 Na4 55. Bc2 Nb6 56. Kc5 Nd7+ 57. Kd6 Nb6 58. Kc6 Nc8 59. Kc7
Ne7 60. Bb3+ 1-0

[Event "22nd European Teams Women"]
[Site "Batumi GEO"]
[Date "2019.11.02"]
[Round "9.15"]
[Board "2"]
[White "Machlik, Edit"]
[Black "Dannenberg, Alia"]
[Result "1-0"]
[WhiteElo "2062"]
[BlackElo "1902"]
[WhiteTeam "Norway"]
[BlackTeam "Finland"]
[WhiteFideId "1513591"]
[BlackFideId "504688"]
[EventDate "2019.10.24"]

1. d4 Nf6 2. c4 g6 3. Nc3 Bg7 4. Nf3 d6 5. g3 O-O 6. Bg2 Nc6 7. O-O e5 8. dxe5
Nxe5 9. Nxe5 dxe5 10. Qxd8 Rxd8 11. Bg5 Rd4 12. b3 c6 13. Rad1 Rxd1 14. Rxd1 Be6
15. Na4 Nd7 16. Be7 Bf8 17. Bd6 Bxd6 18. Rxd6 Kf8 19. Rd2 Ke7 20. Kf1 Rd8 21.
Ke1 Nf8 22. Rxd8 Kxd8 23. Nc5 Bc8 24. Ne4 Ke7 25. c5 b6 26. Nd6 Be6 27. Bxc6
bxc5 28. Ne4 c4 29. b4 f5 30. Nc3 Kd6 31. Bb7 Kc7 32. Bd5 Bxd5 33. Nxd5+ Kc6 34.
Nc3 Ne6 35. h4 h6 36. e3 g5 37. hxg5 hxg5 38. Kd2 Nc7 39. a4 a6 40. f3 Kd6 41.
e4 f4 42. g4 Ne6 43. Ne2 a5 44. Kc3 axb4+ 45. Kxc4 b3 46. Kxb3 Kc5 47. Kc3 Nc7
48. Ng1 Ne6 49. Nh3 Kb6 50. Kc4 Kc6 51. a5 Kd6 52. a6 Kc6 53. a7 1-0

[Event "22nd European Teams Women"]
[Site "Batumi GEO"]
[Date "2019.11.02"]
[Round "9.15"]
[Board "3"]
[White "Norlamo, Sarabella"]
[Black "Kyrkjebo, Hanna B."]
[Result "1-0"]
[WhiteElo "2020"]
[BlackElo "1949"]
[WhiteTeam "Finland"]
[BlackTeam "Norway"]
[WhiteFideId "4505344"]
[BlackFideId "1511599"]
[EventDate "2019.10.24"]

1. d4 Nf6 2. c4 e6 3. Nf3 b6 4. g3 Ba6 5. b3 Bb4+ 6. Bd2 Be7 7. Bg2 O-O 8. Bc3
c6 9. O-O d5 10. Ne5 Nfd7 11. Nd2 Bb7 12. Nxd7 Nxd7 13. e4 Qc7 14. Re1 Rfe8 15.
Rc1 Qd8 16. cxd5 cxd5 17. e5 a5 18. Bb2 Rc8 19. Bf1 Nb8 20. Bd3 Ba6 21. Bb1 Nc6
22. h4 b5 23. Kg2 b4 24. Nf3 h6 25. Nh2 Bf8 26. h5 Ne7 27. Qf3 Nf5 28. Bxf5 exf5
29. Qxf5 Rxc1 30. Rxc1 Bc8 31. Qf3 Qd7 32. Kg1 Qh3 33. Qxd5 Qxh5 34. Qb5 f6 35.
Qc4+ Kh8 36. exf6 gxf6 37. d5 Bg7 38. Qc6 Qf7 39. Rd1 Bb7 40. Qc5 Rd8 41. d6 Qe6
42. Qxa5 Qh3 43. Qxd8+ Kh7 44. f3 Qxg3+ 45. Kh1 Bxf3+ 46. Nxf3 Qxf3+ 47. Kh2
Qxd1 48. Qe7 Qh5+ 49. Kg3 Qg5+ 50. Kf3 Qh5+ 51. Ke3 Qc5+ 52. Bd4 Qc1+ 53. Kd3
Qd1+ 54. Kc4 Qd2 55. d7 Qc2+ 56. Kxb4 Qd2+ 57. Bc3 Qf4+ 58. Ka3 Qc1+ 59. Bb2 Qc7
60. d8=Q Qxd8 61. Qxd8 1-0

[Event "22nd European Teams Women"]
[Site "Batumi GEO"]
[Date "2019.11.02"]
[Round "9.15"]
[Board "4"]
[White "Kyrkjebo, Marte B."]
[Black "Lehtinen, Helja"]
[Result "1/2-1/2"]
[WhiteElo "1871"]
[BlackElo "1802"]
[WhiteTeam "Norway"]
[BlackTeam "Finland"]
[WhiteFideId "1511602"]
[BlackFideId "515566"]
[EventDate "2019.10.24"]

1. e4 c5 2. Nf3 e6 3. b3 Nc6 4. Bb2 Nf6 5. e5 Nd5 6. g3 Be7 7. Bg2 O-O 8. O-O f6
9. exf6 Bxf6 10. Bxf6 Qxf6 11. Na3 Nde7 12. d3 d5 13. Qd2 e5 14. Qg5 Qxg5 15.
Nxg5 Nd4 16. c4 h6 17. Nh3 Nf3+ 18. Kh1 g5 19. Rfd1 Bg4 20. Rdc1 b6 21. Ng1 Nxg1
22. Kxg1 Bf3 23. Bxf3 Rxf3 24. Rd1 Raf8 25. Rd2 Rd8 26. Kg2 Rf6 27. Re1 Nc6 28.
cxd5 Rxd5 29. Nc4 Rf7 30. Re3 Rfd7 31. Kf1 Rf7 32. Kg2 Kg7 33. Rde2 Re7 34. Rd2
Kf6 35. Rf3+ Kg7 36. Re3 Kf6 37. Rf3+ Kg7 38. Re3 Kf6 1/2-1/2

[Event "22nd European Teams Women"]
[Site "Batumi GEO"]
[Date "2019.11.02"]
[Round "9.16"]
[Board "1"]
[White "Stojkovska, Monika"]
[Black "Golubenko, Valentina"]
[Result "1/2-1/2"]
[WhiteTitle "WFM"]
[BlackTitle "WGM"]
[WhiteElo "2108"]
[BlackElo "2274"]
[WhiteTeam "Republic of North Macedonia"]
[BlackTeam "Croatia"]
[WhiteFideId "15002594"]
[BlackFideId "4501993"]
[EventDate "2019.10.24"]

1. e4 e6 2. d4 d5 3. Nd2 a6 4. Ngf3 c5 5. exd5 exd5 6. dxc5 Bxc5 7. Bd3 Nf6 8.
Qe2+ Qe7 9. Qxe7+ Kxe7 10. h3 Nc6 11. c3 h6 12. O-O Re8 13. Nb3 Bb6 14. Re1+ Kf8
15. Rxe8+ Kxe8 16. Be3 Bxe3 17. Re1 b6 18. Rxe3+ Kf8 19. Nfd4 Nxd4 20. Nxd4 Bd7
21. Re5 b5 22. a3 Re8 23. Rxe8+ Nxe8 24. Nb3 Nc7 25. Nc5 Bc8 26. b4 Ke7 27. f4
g5 28. f5 Kf6 29. g4 Ke5 30. Nb3 h5 31. Kf2 hxg4 32. hxg4 Kf4 33. Be2 Ne8 34.
Nc5 Nf6 35. Nd3+ Ke4 36. Nc5+ Kf4 37. Nd3+ Ke4 38. Ne1 Kf4 39. Nd3+ Ke4 40. Nc5+
Kf4 1/2-1/2

[Event "22nd European Teams Women"]
[Site "Batumi GEO"]
[Date "2019.11.02"]
[Round "9.16"]
[Board "2"]
[White "Franciskovic, Borka"]
[Black "Bejatovic, Bojana"]
[Result "1-0"]
[WhiteTitle "WIM"]
[WhiteElo "2262"]
[BlackElo "2004"]
[WhiteTeam "Croatia"]
[BlackTeam "Republic of North Macedonia"]
[WhiteFideId "14507943"]
[BlackFideId "15000141"]
[EventDate "2019.10.24"]

1. Nf3 Nf6 2. c4 g6 3. g3 Bg7 4. Bg2 O-O 5. O-O d6 6. d4 Nbd7 7. Nc3 e5 8. e4
exd4 9. Nxd4 Nc5 10. h3 Re8 11. Re1 a5 12. Qc2 h6 13. Be3 Bd7 14. Rad1 Qc8 15.
Kh2 Re5 16. Nde2 Rh5 17. Nf4 Ng4+ 18. Kg1 Nxe3 19. Rxe3 Re5 20. Kh2 g5 21. Nfd5
Qd8 22. Re2 g4 23. h4 Ne6 24. Ne3 Rh5 25. Nf5 Be5 26. Kg1 Rb8 27. Ree1 Nc5 28.
Qe2 Rxf5 29. exf5 Bxf5 30. Qd2 Bg7 31. b3 Nd3 32. Re3 Ne5 33. Nd5 Qd7 34. Qxa5
b6 35. Qa7 Rc8 36. Qb7 Kh7 37. Kh1 Be6 38. Nf4 Bf5 39. Be4 Bxe4+ 40. Qxe4+ f5
41. Qd5 Re8 42. a4 Qc8 43. Kg2 Bf8 44. Nh5 Re6 45. Nf4 Re8 46. Nd3 c6 47. Qd4
Nf3 48. Qf6 Rxe3 49. fxe3 c5 50. Qf7+ Bg7 51. Nf4 Qc6 52. Qxf5+ Kg8 53. Qd5+ 1-0

[Event "22nd European Teams Women"]
[Site "Batumi GEO"]
[Date "2019.11.02"]
[Round "9.16"]
[Board "3"]
[White "Manova, Ivana"]
[Black "Purgar, Ivona"]
[Result "0-1"]
[BlackTitle "WFM"]
[WhiteElo "1795"]
[BlackElo "2205"]
[WhiteTeam "Republic of North Macedonia"]
[BlackTeam "Croatia"]
[WhiteFideId "15003590"]
[BlackFideId "14514451"]
[EventDate "2019.10.24"]

1. e4 c5 2. Nc3 Nc6 3. Bb5 a6 4. Bxc6 dxc6 5. d3 e5 6. f4 exf4 7. Bxf4 Ne7 8.
Nf3 Ng6 9. Bg3 Be7 10. O-O O-O 11. Kh1 Bg4 12. Qd2 h5 13. h3 Be6 14. Rae1 h4 15.
Bh2 b5 16. Rf2 Ra7 17. Nd1 Bf6 18. e5 Be7 19. Nc3 c4 20. d4 Rd7 21. Ne4 c5 22.
Nd6 cxd4 23. Qxd4 Nxe5 24. Bxe5 Bxd6 25. Qxh4 Qxh4 26. Nxh4 Bxe5 27. Rxe5 Rd1+
28. Kh2 Ra1 29. b3 Rxa2 30. bxc4 Bxc4 31. Nf5 g6 32. Ne7+ Kg7 33. Nc6 Rc8 34.
Nb4 Ra4 35. c3 a5 36. Nd5 Ra3 37. Nb6 Rc7 38. Rf3 f6 39. Re8 Bf7 40. Ra8 a4 41.
Ra5 Rb3 42. c4 bxc4 43. Nxa4 Rxf3 44. gxf3 c3 45. Nxc3 Rxc3 46. Kg3 Rd3 47. Ra7
g5 48. Kf2 Kg6 49. Ke2 Rb3 50. h4 gxh4 51. Ra4 h3 52. Rg4+ Kh5 53. Kf2 Be6 54.
Rg7 Rb2+ 55. Ke3 Rb4 56. Kf2 Bf5 57. Rg8 Kh6 58. Rf8 Kg7 59. Ra8 Rb2+ 60. Ke3 h2
61. Ra1 Rb1 0-1

[Event "22nd European Teams Women"]
[Site "Batumi GEO"]
[Date "2019.11.02"]
[Round "9.16"]
[Board "4"]
[White "Cvitan, Ena"]
[Black "Koskoska, Gabriela"]
[Result "1-0"]
[WhiteTitle "FM"]
[BlackTitle "WIM"]
[WhiteElo "2182"]
[BlackElo "2036"]
[WhiteTeam "Croatia"]
[BlackTeam "Republic of North Macedonia"]
[WhiteFideId "14534215"]
[BlackFideId "15000630"]
[EventDate "2019.10.24"]

1. d4 d5 2. c4 c6 3. cxd5 cxd5 4. Nc3 Nc6 5. e4 e6 6. e5 Nge7 7. Nf3 Nf5 8. a3
a6 9. Be2 Qb6 10. Na4 Qa7 11. b4 Be7 12. Bb2 O-O 13. Rc1 Bd7 14. Nc5 Bxc5 15.
dxc5 b6 16. cxb6 Qxb6 17. O-O Rfc8 18. Bd3 g6 19. Qd2 Qd8 20. Rc5 a5 21. b5 Na7
22. Rfc1 Rxc5 23. Rxc5 Qb6 24. Qc1 Nxb5 25. g4 Ne7 26. Qh6 Nf5 27. gxf5 Qxc5 28.
Ng5 Be8 29. f6 1-0